RMI et comportements sur le marché du travail.

Nezamestnaní príjemcovia podpory v rámci RMI (zaradení medzi príjemcov príplatkov minimálnych príjmov) vo Francúzsku prekonávajú mnoho ťažkostí pri hľadaní zamestnania. Aj po nastúpení do práce narážajú na ťažkosti. Príjemcovia podpory v anketách o voľných miestach. RMI pritiahla nečinných na trh pr...

Descrizione completa

Salvato in:
Dettagli Bibliografici
Autore principale: Maurin, E.
Altri autori: Torelli, C.
Natura: Capitolo di libro
Lingua:francese
Soggetti:
Tags: Aggiungi Tag
Nessun Tag, puoi essere il primo ad aggiungerne!!

MARC

LEADER 00000naa a2200000 4500
001 r011918
005 20220913124857.5
041 0 |a fre 
044 |a FR 
245 1 0 |a RMI et comportements sur le marché du travail.  |c E. Maurin, C. Torelli 
520 |a Nezamestnaní príjemcovia podpory v rámci RMI (zaradení medzi príjemcov príplatkov minimálnych príjmov) vo Francúzsku prekonávajú mnoho ťažkostí pri hľadaní zamestnania. Aj po nastúpení do práce narážajú na ťažkosti. Príjemcovia podpory v anketách o voľných miestach. RMI pritiahla nečinných na trh práce a umožňuje im aktívnejší prieskum možností zamestnať sa. 
610 2 0 |a mzdy minimálne 
610 2 0 |a minimum existenčné 
610 2 0 |a podpory 
610 2 0 |a trh práce 
610 2 0 |a zamestnanosť 
610 2 0 |a Francúzsko 
610 2 0 |a údaje štatistické 
100 1 |a Maurin, E. 
700 1 |a Torelli, C.